000
00313nam a22001337a 4500
999
_c
55051
_d
55051
008
200205b ||||| |||| 00| 0 eng d
041
_a
eng
080
_2
043.3
_a
043.3
082
_a
043.3
100
_a
8
101
_a
EGZ
245
_a
Taktika Volejboll dhe Volejboll në Rërë
_c
Tahiraj,E.N
942
_2
udc
_c
BK